[Event "Under 1300 knightworm78 Invitational #8"]
[Site "SchemingMind.com"]
[Date "2020.01.31"]
[Round "-"]
[White "im_cincinnati_kid37"]
[Black "James Reed"]
[Result "0-1"]
[WhiteCountry "USA"]
[BlackCountry "ENG"]
[WhiteElo "1197"]
[WhiteRD "72"]
[BlackElo "1185"]
[BlackRD "73"]
[GameID "450788"]

1. e4 c5 2. Nf3 Nc6 3. d4 d6 4. d5 Ne5 5. Bb5+ Bd7 6. Bxd7+ Qxd7 7. Nxe5 dxe5 8. Nd2 Nf6 9. f3 e6 10. dxe6 Qxe6
11. Qe2 Be7 12. O-O a6 13. c4 h6 14. Nb3 b6 15. a4 O-O 16. Bd2 Rfd8 17. Rad1 Rac8 18. Kf2 Rb8 19. Rh1 a5 20. h3 Rbc8
21. g4 Nh7 22. Rhe1 Bh4+ 23. Kg2 Nf6 24. Rf1 Nd7 25. Be1 Bxe1 26. Qxe1 Qxc4 27. Qe3 Qxa4 28. Ra1 Qc6 29. Rad1 Ra8 30. Na1 Nf6
31. Nc2 Rxd1 32. Rxd1 Qe8 33. b3 Qb5 34. Ra1 Rd8 35. Kf2 Rd3 36. Qe1 Qxb3 37. Rc1 Rxf3+ 38. Kg2 Rc3 39. Qd2 Rg3+ 40. Kf2 Nxe4+
41. Ke2 Nxd2 42. Kxd2 Qd3+ 43. Ke1 Rg1+ 44. Kf2 Rxc1
0-1

[Event "Under 1300 knightworm78 Invitational #8"]
[Site "SchemingMind.com"]
[Date "2020.01.31"]
[Round "-"]
[White "wight knight"]
[Black "im_cincinnati_kid37"]
[Result "1-0"]
[WhiteCountry "ENG"]
[BlackCountry "USA"]
[WhiteElo "1321"]
[WhiteRD "55"]
[BlackElo "1188"]
[BlackRD "79"]
[GameID "450789"]

1. e4 e5 2. Bc4 Nf6 3. f3 Be7 4. b3 O-O 5. Bb2 d6 6. g4 g5 7. h4 gxh4 8. Rxh4 Nxe4 9. Rh5 Nc5 10. Nh3 Ne6
11. Bxe6 Bxe6 12. d4 Bh4+ 13. Ke2 Bf6 14. g5 Bg7 15. Qd3 Re8 16. Qxh7+ Kf8 17. g6 Qf6 18. gxf7 Bxf7 19. Ng5 Bxh5 20. Qxh5 Ke7
21. Nc3 Qh6 22. Qxh6 Bxh6 23. Nge4 Nc6 24. Nb5 Kd7 25. Nf6+ Ke7 26. Nxe8 Kxe8 27. Nxc7+ Kd7 28. Nxa8 exd4 29. c3 Bg7 30. cxd4 Nxd4+
31. Bxd4 Bxd4 32. Rc1
1-0

[Event "Under 1300 knightworm78 Invitational #8"]
[Site "SchemingMind.com"]
[Date "2020.01.31"]
[Round "-"]
[White "im_cincinnati_kid37"]
[Black "Shanks"]
[Result "1/2-1/2"]
[WhiteCountry "USA"]
[BlackCountry "ENG"]
[WhiteElo "1188"]
[WhiteRD "79"]
[BlackElo "1277"]
[BlackRD "61"]
[GameID "450790"]

1. e4 Nc6 2. Nf3 Nf6 3. Nc3 e5 4. d3 Nd4 5. Bg5 Nxf3+ 6. Qxf3 d6 7. O-O-O Bg4 8. Bxf6 gxf6 9. Qxg4 Be7 10. Nd5 c6
11. Nxe7 Kxe7 12. a3 Qc7 13. Qh4 c5 14. c4 b6 15. f3 a5 16. a4 Rab8 17. b3 h6 18. Qg4 Rhg8 19. Qh4 Rg5 20. Qxh6 Rg6
21. Qe3 b5 22. Kc2 b4= 23. g4 Rh8 24. h3 Rh4 25. Rh2=
1/2-1/2

[Event "Under 1300 knightworm78 Invitational #8"]
[Site "SchemingMind.com"]
[Date "2020.01.30"]
[Round "-"]
[White "Bacon"]
[Black "Shanks"]
[Result "0-1"]
[WhiteCountry "BER"]
[BlackCountry "ENG"]
[WhiteElo "1080"]
[WhiteRD "80"]
[BlackElo "1277"]
[BlackRD "61"]
[GameID "450791"]

1. e4 e5 2. Nf3 d6 3. Nc3 f5 4. Qe2 f4 5. b3 Nf6 6. Qb5+ c6 7. Qa4 Nbd7 8. Bc4 Nb6 9. Qa5 Nxc4 10. Qxd8+ Kxd8
11. O-O b5 12. bxc4 b4 13. Na4 Bb7 14. Rb1 c5 15. h3 Bxe4 16. d3 Bc6 17. Nb2 Bxf3 18. gxf3 Nh5 19. Bd2 a5 20. Na4 h6
21. Kh2 Ke7 22. Nb6 Rd8 23. Nd5+ Kf7 24. Rg1 Kg8 25. Nf6+ Nxf6 26. h4 Kh7 27. Kh3 a4 28. Rb2 Ng8 29. Kg4 Nf6+ 30. Kf5 Be7
31. Ke6 Bf8 32. c3 b3 33. axb3 a3 34. Ra2 Ra8 35. b4 cxb4 36. cxb4 Ne8 37. c5 dxc5 38. b5 Nc7+ 39. Kd7 Nxb5 40. Kc6 Nd4+
41. Kd5 Nxf3 42. Rd1 Rd8+ 43. Ke4 Nxd2+ 44. Rdxd2 Be7 45. Kxe5 Bxh4 46. Kxf4 Bg5+ 47. Kf5 Bxd2 48. Rxd2 Ra8 49. Ke5 a2 50. Rxa2 Rxa2
51. Kd5 Rxf2 52. Kxc5 g5 53. d4 Rc8+ 54. Kd6 Rf6+ 55. Ke5 Rcf8 56. d5 Rf5+ 57. Ke6 Rxd5 58. Kxd5 h5 59. Ke6 h4 60. Ke7 Rg8
0-1

[Event "Under 1300 knightworm78 Invitational #8"]
[Site "SchemingMind.com"]
[Date "2020.01.30"]
[Round "-"]
[White "Shanks"]
[Black "Carl Lenox"]
[Result "0-1"]
[WhiteCountry "ENG"]
[BlackCountry "CAN"]
[WhiteElo "1231"]
[WhiteRD "60"]
[BlackElo "1228"]
[BlackRD "65"]
[GameID "450792"]

1. d4 g6 2. Nc3 Nf6 3. e4 Bg7 4. e5 Nh5 5. g4 Nf6 6. exf6 Bxf6 7. g5 Bg7 8. h4 O-O 9. Ne4 a6 10. c3 b5
11. b4 Bb7 12. Bg2 Re8 13. Be3 d5 14. Nc5 Bc8 15. Qd2 c6 16. Nf3 Nd7 17. Nxd7 Qxd7 18. Ng1 f5 19. gxf6 exf6 20. Nf3 Qg4
21. O-O-O Qxg2 22. Qe2 Qg4 23. Rdf1 Qe4 24. Kb2 Bg4 25. Qd2 Bxf3 26. Rh2 Bg4 27. a3 Qe7 28. f3 Bc8 29. h5 g5 30. h6 Bf8
31. f4 g4 32. Rg1 f5 33. Rh5 Qxe3 34. Rg5+ Kh8 35. Qxe3 Rxe3 36. Rh5 Rf3 37. Rc1 Rxf4 38. Rhh1 a5 39. bxa5 Rxa5 40. Rhe1 Bxh6
41. Re8+ Kg7 42. Rxc8 Rf2+ 43. Rc2 Bd2 44. Rxc6 g3 45. Rc7+ Kg8 46. c4 bxc4 47. Rc8+ Kg7 48. Rc7+ Kg8 49. Rc8+ Kg7 50. Rc7+ Kg6
51. Rc6+ Kg5
0-1

[Event "Under 1300 knightworm78 Invitational #8"]
[Site "SchemingMind.com"]
[Date "2020.01.31"]
[Round "-"]
[White "Arthur Wilding"]
[Black "Shanks"]
[Result "0-1"]
[WhiteCountry "WLS"]
[BlackCountry "ENG"]
[WhiteElo "1234"]
[WhiteRD "76"]
[BlackElo "1277"]
[BlackRD "61"]
[GameID "450793"]

1. d4 d5 2. e3 Nc6 3. Bb5 Nf6 4. Nf3 a6 5. Be2 Ne4 6. O-O e6 7. Bd2 Nxd2 8. Nbxd2 Ne7 9. a4 c6 10. b3 g6
11. Nb1 Bg7 12. Nbd2 O-O 13. c4 Qc7 14. Ra2 c5 15. Rc2 b6 16. dxc5 bxc5 17. cxd5 exd5 18. Qb1 Bf5 19. Qa2 Bxc2 20. Qxc2 a5
21. Qb1 Rad8 22. Ne1 d4 23. Bd3 dxe3 24. fxe3 Nd5 25. Nef3 Nxe3 26. Re1 Nd5 27. Bb5 Qb6 28. Kh1 Nc3 29. Qc2 Nxb5 30. Nf1 Nd4
31. Nxd4 cxd4 32. Rd1 d3 33. Rxd3 Rxd3 34. Qxd3 Qb4 35. h3 Qc3 36. Qe3 Qxe3 37. Nxe3 f5 38. Nc2 Rc8 39. Ne3 Rc1+ 40. Kh2 Be5+
41. g3 f4 42. Ng4 fxg3+ 43. Kg2 Rc2+ 44. Kg1 Bd4+ 45. Kf1 g2+ 46. Ke1 g1=Q#
0-1

[Event "Under 1300 knightworm78 Invitational #8"]
[Site "SchemingMind.com"]
[Date "2020.01.30"]
[Round "-"]
[White "Shanks"]
[Black "malcolm chugg"]
[Result "1/2-1/2"]
[WhiteCountry "ENG"]
[BlackCountry "WLS"]
[WhiteElo "1277"]
[WhiteRD "61"]
[BlackElo "1209"]
[BlackRD "51"]
[GameID "450794"]

1. d4 d5 2. Nc3 Nf6 3. Nf3 Bg4 4. h3 Bxf3 5. exf3 e6 6. Be2 c5 7. Bb5+ Nfd7 8. O-O a6 9. Be2 c4 10. Re1 Bd6
11. f4 Nc6 12. Bg4 g6 13. Nb1 h5 14. Bf3 O-O 15. c3 Qc7 16. Nd2 Bxf4 17. g3 Bxg3 18. fxg3 Qb6 19. Nf1 f5 20. Qe2 Nd8
21. Bg2 Re8 22. Qd2 Nc6 23. Kh2 Kf7 24. a3 Qc7 25. Qf2 Na5 26. Bf4 Qb6 27. Rab1 Nf6 28. Qe2 Ne4 29. Bxe4 fxe4 30. Be5 Ke7
31. Qe3 Nc6 32. Bf4 Rg8 33. Bg5+ Kd7 34. h4 Raf8 35. Re2 Rf3 36. Qg1 Nd8 37. Bxd8 Qxd8 38. Rg2 b5 39. Nd2 Rff8 40. Nf1 Rf6
41. Ne3 g5 42. hxg5 Rxg5 43. Kh1 Rfg6 44. Rf1 Rg7 45. g4 Qh8 46. Rh2 h4 47. Rh3=
1/2-1/2

[Event "Under 1300 knightworm78 Invitational #8"]
[Site "SchemingMind.com"]
[Date "2020.02.01"]
[Round "-"]
[White "James Reed"]
[Black "Shanks"]
[Result "0-1"]
[WhiteCountry "ENG"]
[BlackCountry "ENG"]
[WhiteElo "1185"]
[WhiteRD "73"]
[BlackElo "1231"]
[BlackRD "60"]
[GameID "450795"]

1. e4 g6 2. d4 Bg7 3. Nf3 c6 4. Nc3 e6 5. Bf4 d6 6. h3 Nd7 7. Bxd6 Nb6 8. a3 Bd7 9. Bc4 Nxc4 10. Bf4 Nb6
11. O-O Nc8 12. Re1 Nge7 13. Qd2 Ng8 14. e5 Kf8 15. Bg5 Qc7 16. Ne4 h6 17. Bh4 Nb6 18. Nd6 Nd5 19. c3 g5 20. Bg3 Nge7
21. b3 Ng6 22. c4 Nde7 23. a4 c5 24. Qc3 cxd4 25. Qxd4 Nc6 26. Qd2 Nd8 27. Qb4 Kg8 28. Rac1 a5 29. Qd2 Ra6 30. Qe3 Ne7
31. Nd4 Nf5 32. N4xf5 exf5 33. f4 gxf4 34. Qxf4 Be6 35. Nb5 Qc5+ 36. Bf2 Qf8 37. Nc7 Bc8 38. Nxa6 bxa6 39. Bh4 Nc6 40. Qg3 Be6
41. Rcd1 Qc5+ 42. Kh2 Ne7 43. Bf6 Ng6 44. Rd8+ Kh7 45. Rxh8+ Kxh8 46. Bxg7+ Kxg7 47. h4 h5 48. Rd1 f4 49. Qd3 Qe7 50. Kg1 Qxh4
51. Qh3 Bxh3 52. gxh3 Qg3+
0-1

[Event "Under 1300 knightworm78 Invitational #8"]
[Site "SchemingMind.com"]
[Date "2020.01.31"]
[Round "-"]
[White "Shanks"]
[Black "wight knight"]
[Result "1-0"]
[WhiteCountry "ENG"]
[BlackCountry "ENG"]
[WhiteElo "1277"]
[WhiteRD "61"]
[BlackElo "1321"]
[BlackRD "55"]
[GameID "450796"]

1. d4 e6 2. Nf3 f6 3. a3 c5 4. e3 Nh6 5. c3 cxd4 6. cxd4 b6 7. Nc3 a6 8. Nd2 a5 9. Qh5+ g6 10. Qd1 Ba6
11. Nb5 Bxb5 12. Bxb5 f5 13. f4 Ng4 14. Nf3 Na6 15. O-O h5 16. h3 Nf6 17. Ne5 Nc7 18. Be2 Ne4 19. Rf3 g5 20. Ng6 Rg8
21. Nxf8 Kxf8 22. Bd3 g4 23. hxg4 hxg4 24. Rf1 Rh8 25. Bxe4 fxe4 26. g3 Qf6 27. Kf2 e5 28. dxe5 Qh6 29. Ke1 Rd8 30. Bd2 Rg8
31. Rc1 Qh3 32. Qe2 Qxg3+ 33. Kd1 Qh3 34. Kc2 g3 35. Kb1 d6 36. exd6 Rxd6 37. Rxc7 g2 38. Rg1 Qh1 39. Rc8+ Ke7 40. Rxg8 Qxg1+
41. Ka2 Kf7 42. Rxg2 Qh1 43. Rh2 Qg1 44. Rh7+ Ke6 45. Qc4+ Rd5 46. Qxe4+ Kd6 47. Rh6+ Kc5 48. Qc2+ Kb5 49. Qc6+ Ka6 50. Qxb6#
1-0

[Event "Under 1300 knightworm78 Invitational #8"]
[Site "SchemingMind.com"]
[Date "2020.01.30"]
[Round "-"]
[White "Bacon"]
[Black "im_cincinnati_kid37"]
[Result "1/2-1/2"]
[WhiteCountry "BER"]
[BlackCountry "USA"]
[WhiteElo "1105"]
[WhiteRD "78"]
[BlackElo "1197"]
[BlackRD "72"]
[GameID "450797"]

1. e4 e5 2. Nf3 d6 3. Nc3 Nc6 4. Bc4 Nh6 5. O-O Be7 6. Nd5 Be6 7. c3 Bf8 8. b4 Qd7 9. Ng5 Be7 10. Nxe7 Nxe7
11. Qh5 Bxc4 12. Re1 O-O-O 13. Nxf7 Bxf7 14. Qg5 Bg6 15. d3 a6 16. a3 Rhf8 17. d4 exd4 18. cxd4 Rde8 19. h3 b5 20. e5 Nef5
21. Qd2 d5 22. Qf4 Re6 23. Bb2 Rf7 24. Qg5 Qd8 25. Qxd8+ Kxd8 26. g4 Nh4 27. Re3 Be4 28. Kh2 Kd7 29. Kg3 Nf3 30. Rf1 Ke7
31. g5 Nf5+ 32. Kf4 g6 33. Rxf3 Bxf3 34. Kxf3 Nxd4+ 35. Kg2 Ne2 36. Re1 Nf4+ 37. Kg3 Nd3 38. Re2 Nxb2 39. Rxb2 Rxe5 40. h4 c6
41. Rb3 Kf8 42. Rc3 Rd7 43. f4 Re8 44. Rxc6 Re3+ 45. Kf2 Ra7 46. Kxe3 Rd7 47. Rxa6 d4+ 48. Kd3 Ke7 49. a4 bxa4 50. Rxa4 Ke6
51. b5 Kf5 52. b6 Rb7 53. Ra7 Rxb6 54. Rxh7 Rd6 55. Ke2 Kxf4 56. Rf7+ Kg4 57. Kd3 Kxh4 58. Rf4+ Kxg5 59. Rxd4 Rxd4+ 60. Kxd4 Kf5
61. Ke3 g5 62. Kf3 g4+ 63. Kg3 Kg5 64. Kg2= Kf4 65. Kf2= g3+ 66. Kg2 Kg4 67. Kg1 Kh3 68. Kh1 g2+ 69. Kg1 Kg3
1/2-1/2

[Event "Under 1300 knightworm78 Invitational #8"]
[Site "SchemingMind.com"]
[Date "2020.01.30"]
[Round "-"]
[White "Carl Lenox"]
[Black "Bacon"]
[Result "1-0"]
[WhiteCountry "CAN"]
[BlackCountry "BER"]
[WhiteElo "1228"]
[WhiteRD "65"]
[BlackElo "1105"]
[BlackRD "78"]
[GameID "450798"]

1. e4 Nf6 2. e5 Ne4 3. Qe2 Nc5 4. d4 Ne6 5. Be3 d5 6. Nc3 Nc6 7. O-O-O g6 8. Kb1 h5 9. h3 Bh6 10. g4 hxg4
11. hxg4 Nexd4 12. Qd3 Nxe5 13. Qd2 Ndf3 14. Qe2 d4 15. Nxf3 Nxf3 16. Bxh6 Bxg4 17. Ne4 Qd5 18. Bg2 Ne5 19. f3 Bxf3 20. Bxf3 c5
21. Nc3 Qxf3 22. Qb5+ Nd7 23. Na4 a6 24. Qf1 Qxf1 25. Rdxf1 b5 26. Bg7 Rxh1 27. Rxh1 e5 28. Rh8+ Nf8 29. Rxf8+ Ke7 30. Rxa8 Ke6
31. Rxa6+ Kf5 32. Nxc5 g5 33. Rf6+ Kg4 34. Rxf7 Kg3 35. Bxe5+ Kg2 36. Bxd4 g4 37. Nd3 g3 38. Ne1+ Kh2 39. Rh7#
1-0

[Event "Under 1300 knightworm78 Invitational #8"]
[Site "SchemingMind.com"]
[Date "2020.01.31"]
[Round "-"]
[White "Bacon"]
[Black "James Reed"]
[Result "1-0"]
[WhiteCountry "BER"]
[BlackCountry "ENG"]
[WhiteElo "1105"]
[WhiteRD "78"]
[BlackElo "1185"]
[BlackRD "73"]
[GameID "450799"]

1. e4 c5 2. e5 Nc6 3. Nf3 e6 4. Bc4 Nge7 5. O-O h6 6. c3 Nf5 7. Qe2 Be7 8. a4 a6 9. g4 Nh4 10. Nxh4 d5
11. Bd3 O-O 12. b3 Bxh4 13. f4 Re8 14. Ba3 Be7 15. c4 b6 16. Nc3 Nd4 17. Qe3 Nc2 18. Qf3 Nxa1 19. Rxa1 Bd7 20. h3 Qc7
21. Rf1 Bc6 22. g5 hxg5 23. Ne2 a5 24. Ng3 g6 25. Bb2 gxf4 26. Qxf4 Rf8 27. Qh6 d4 28. Bxg6 Be8 29. Qh7#
1-0

[Event "Under 1300 knightworm78 Invitational #8"]
[Site "SchemingMind.com"]
[Date "2020.02.01"]
[Round "-"]
[White "im_cincinnati_kid37"]
[Black "nammy"]
[Result "1-0"]
[WhiteCountry "USA"]
[BlackCountry "ENG"]
[WhiteElo "1197"]
[WhiteRD "72"]
[BlackElo "830"]
[BlackRD "74"]
[GameID "450801"]

1. e4 e5 2. Nf3 Nc6 3. Bb5 Nce7 4. Nxe5 f6 5. Nf3 c6 6. Be2 Ng6 7. Bd3 Bd6 8. O-O N8e7 9. Bc4 b6 10. d4 Rf8
11. Bd3 a6 12. Bd2 Bb8 13. a3 Bd6 14. Qe2 Bc7 15. Bb4 Rh8 16. Nc3 d6 17. a4 Nf8 18. e5 Nf5 19. exd6+ Ne6 20. dxc7 Qxc7
21. Bxf5 h5 22. Bxe6 Bxe6 23. Qxe6+ Kd8 24. b3 Rf8 25. Bxf8 b5 26. Rae1 Rb8 27. Qe8#
1-0

[Event "Under 1300 knightworm78 Invitational #8"]
[Site "SchemingMind.com"]
[Date "2020.01.31"]
[Round "-"]
[White "nammy"]
[Black "Shanks"]
[Result "1-0"]
[WhiteCountry "ENG"]
[BlackCountry "ENG"]
[WhiteElo "830"]
[WhiteRD "74"]
[BlackElo "1231"]
[BlackRD "60"]
[GameID "450802"]

1. d4 d6 2. Nc3 Nf6 3. Nf3 h6 4. e3 c6 5. e4 e5 6. Be3 Qc7 7. Bc4 Nbd7 8. Qe2 Nb6 9. Bd3 d5 10. O-O dxe4
11. Ne1 exd4 12. Bxd4 Be6 13. Nxe4 Nfd5 14. Nf3 Nf4 15. Qe1 Nxd3 16. cxd3 f5 17. Nc3 Rg8 18. Qxe6+ Qe7 19. Qxg8 O-O-O 20. g3 Nd7
21. Qb3 g5 22. Bxa7 Nb8 23. Qc2 g4 24. Nd2 h5 25. Qa4 h4 26. gxh4 Qxh4 27. Rfe1 Qh3 28. Qa5 Rxd3 29. Re8+ Kd7 30. Qd8#
1-0

[Event "Under 1300 knightworm78 Invitational #8"]
[Site "SchemingMind.com"]
[Date "2020.01.31"]
[Round "-"]
[White "Bacon"]
[Black "nammy"]
[Result "1-0"]
[WhiteCountry "BER"]
[BlackCountry "ENG"]
[WhiteElo "1105"]
[WhiteRD "78"]
[BlackElo "830"]
[BlackRD "74"]
[GameID "450803"]

1. e4 e5 2. Nf3 Nf6 3. Nxe5 Qe7 4. Nc3 Qxe5 5. d4 Qe6 6. d5 Qe7 7. Bb5 a6 8. Bc4 b6 9. Qe2 Qd8 10. e5 Ng8
11. Bf4 Bc5 12. Ne4 Be7 13. Rd1 Bf8 14. d6 cxd6 15. Nxd6+ Ke7 16. Nxf7 Qc7 17. Nxh8 g6 18. Bxg8 Bg7 19. O-O Bxh8 20. Rd6 b5
21. b4 Qc3 22. Re1 Qxb4 23. Bg5+ Kf8 24. Bxh7 Qb2 25. Bxg6 Qxa2 26. Bf6 Qg8 27. Qe4 Ra7 28. e6 Bb7 29. exd7 Nxd7 30. Qe7#
1-0

[Event "Under 1300 knightworm78 Invitational #8"]
[Site "SchemingMind.com"]
[Date "2020.01.31"]
[Round "-"]
[White "nammy"]
[Black "Carl Lenox"]
[Result "0-1"]
[WhiteCountry "ENG"]
[BlackCountry "CAN"]
[WhiteElo "830"]
[WhiteRD "74"]
[BlackElo "1228"]
[BlackRD "65"]
[GameID "450804"]

1. d4 g6 2. e4 a6 3. Bf4 d6 4. Nd2 b5 5. c3 Nd7 6. Ngf3 Bb7 7. Be2 Ngf6 8. h3 Nxe4 9. Nb3 Bg7 10. O-O O-O
11. Bd3 e5 12. g3 exf4 13. gxf4 Re8 14. Na5 c5 15. Nxb7 Qb6 16. Bc2 Qxb7 17. Qd3 c4 18. Qe2 d5 19. Nh2 Ndf6 20. Qd1 Nh5
21. f3 Nd6 22. Qd2 Ng3 23. Rf2 Ndf5 24. b3 Rad8 25. Qd1 Bh6 26. Ng4 Bxf4 27. Qb1 Bd6 28. a3 Re7 29. Qc1 Nh4 30. f4 Re2
31. Bd1 Re7 32. Bf3 Kg7 33. Qb1 Bxf4 34. Bd1 Re1+ 35. Kh2 Nf1+ 36. Kg1 Ne3+ 37. Rf1 Nxf1 38. Qc2 Bg3 39. a4 Ne3#
0-1

[Event "Under 1300 knightworm78 Invitational #8"]
[Site "SchemingMind.com"]
[Date "2020.01.30"]
[Round "-"]
[White "Arthur Wilding"]
[Black "nammy"]
[Result "1-0"]
[WhiteCountry "WLS"]
[BlackCountry "ENG"]
[WhiteElo "1276"]
[WhiteRD "76"]
[BlackElo "830"]
[BlackRD "74"]
[GameID "450805"]

1. d4 d5 2. e3 e6 3. Nc3 Nf6 4. Nf3 c6 5. Be2 Bd6 6. O-O O-O 7. a4 a6 8. b3 Bc7 9. Ba3 Nbd7 10. Bxf8 Qxf8
11. Kh1 b6 12. Nd2 c5 13. Bf3 Bb7 14. Be2 e5 15. dxe5 Bxe5 16. Ndb1 Bc6 17. Bg4 Nb8 18. Ne2 Nxg4 19. g3 Nd7 20. a5 bxa5
21. Ra2 Bc7 22. Nd2 Ndf6 23. Nb1 Qd8 24. Nd2 Qd6 25. Nf3 Nh5 26. Neg1 Re8 27. Qe2 d4 28. Rd1 f5 29. Qe1 Qd5 30. c4 Qd6
31. Rad2 Qf6 32. Qf1 a4 33. bxa4 Bxa4 34. Re1 Bc6 35. exd4 Rf8 36. dxc5 Qg6 37. Rde2 f4 38. Re6 Qf5 39. Rxc6 a5 40. Rxc7 Ra8
41. Nd4 Qg6 42. gxf4 Nxf4 43. Ndf3 Qh5 44. Ree7 Qxh2+ 45. Nxh2 a4 46. Nxg4 g6 47. Rf7 a3 48. Rxh7 a2 49. Nf6+ Kf8 50. Rcf7#
1-0

[Event "Under 1300 knightworm78 Invitational #8"]
[Site "SchemingMind.com"]
[Date "2020.01.30"]
[Round "-"]
[White "nammy"]
[Black "malcolm chugg"]
[Result "0-1"]
[WhiteCountry "ENG"]
[BlackCountry "WLS"]
[WhiteElo "830"]
[WhiteRD "74"]
[BlackElo "1196"]
[BlackRD "51"]
[GameID "450806"]

1. d4 d5 2. Nc3 Bg4 3. Be3 Nf6 4. Qd2 Qd7 5. f3 Be6 6. h3 Bf5 7. g4 Be6 8. g5 Nh5 9. Bg2 Qd6 10. Qd3 Nf4
11. Bxf4 Qxf4 12. e3 Qd6 13. Nge2 g6 14. e4 Bg7 15. f4 O-O 16. a3 dxe4 17. Nxe4 Qd8 18. Qf3 c6 19. c3 b5 20. b3 Bxb3
21. Rb1 Bc2 22. Rc1 Ba4 23. Nd2 f6 24. Ng3 fxg5 25. Qg4 h6 26. fxg5 h5 27. Qe2 a6 28. c4 Qxd4 29. Qxe7 Qf2#
0-1

[Event "Under 1300 knightworm78 Invitational #8"]
[Site "SchemingMind.com"]
[Date "2020.02.04"]
[Round "-"]
[White "James Reed"]
[Black "nammy"]
[Result "1-0"]
[WhiteCountry "ENG"]
[BlackCountry "ENG"]
[WhiteElo "1185"]
[WhiteRD "73"]
[BlackElo "830"]
[BlackRD "74"]
[GameID "450807"]

1. e4 e5 2. Nf3 f6 3. Nc3 Nc6 4. Bc4 Nge7 5. h3 Na5 6. Bd3 d6 7. O-O c6 8. a3 Qd7 9. Re1 g6 10. b4 b6
11. Bb2 g5 12. Nh2 Nb7 13. Ng4 Bg7 14. Be2 h6 15. Bc4 h5 16. Ne3 a6 17. Qe2 b5 18. Bb3 Bf8 19. d3 Bg7 20. Red1 Nd8
21. Qf3 Rf8 22. Nf5 Nxf5 23. exf5 Qf7 24. Bxf7+ Nxf7 25. Qxc6+ Bd7 26. Qxa8+ Ke7 27. Nd5#
1-0

[Event "Under 1300 knightworm78 Invitational #8"]
[Site "SchemingMind.com"]
[Date "2020.01.30"]
[Round "-"]
[White "Chessibelle"]
[Black "nammy"]
[Result "1-0"]
[WhiteCountry "ENG"]
[BlackCountry "ENG"]
[WhiteElo "1144"]
[WhiteRD "53"]
[BlackElo "830"]
[BlackRD "74"]
[GameID "450808"]

1. Nf3 f6 2. e4 Nc6 3. Nc3 e6 4. d3 a6 5. g3 d6 6. Be2 b6 7. O-O Nge7 8. a3 Bd7 9. b4 Ng6 10. Na4 b5
11. Nc3 Be7 12. d4 O-O 13. d5 Nb8 14. Be3 c6 15. Nd4 Be8 16. Nxe6 Qc8 17. Bg4 Rf7 18. Bf5 Ne5 19. Ne2 Nc4 20. Bf4 Bd7
21. N2d4 Kh8 22. c3 g6 23. Bg4 a5 24. Nc2 Qb7 25. Ncd4 cxd5 26. Qe2 h6 27. Bxh6 Ne5 28. Bh3 Rh7 29. Qe3 Qc8 30. Bg7+ Kg8
31. f4 Na6 32. Qf2 Rxh3 33. f5 Qe8 34. Qg2 Rh7 35. h4 Rc8 36. Rf4 Rb8 37. Qh3 Nd3 38. Rg4 Rc8 39. Rd1 Nb2 40. Rf1 Na4
41. Rxg6 Rxc3 42. Bh6+ Kh8 43. h5 axb4 44. Qg4 bxa3 45. Bg7+ Kg8 46. Bh6+ Kf7 47. Rg7+ Rxg7 48. Qxg7#
1-0

[Event "Under 1300 knightworm78 Invitational #8"]
[Site "SchemingMind.com"]
[Date "2020.01.31"]
[Round "-"]
[White "nammy"]
[Black "wight knight"]
[Result "1-0"]
[WhiteCountry "ENG"]
[BlackCountry "ENG"]
[WhiteElo "830"]
[WhiteRD "74"]
[BlackElo "1316"]
[BlackRD "53"]
[GameID "450809"]

1. d4 e6 2. Nf3 f6 3. Nc3 c6 4. e4 b5 5. Ne2 b4 6. Ng3 g6 7. Bd2 Ba6 8. c4 d5 9. h4 Bxc4 10. b3 Bxf1
11. Kxf1 a5 12. Qc1 dxe4 13. Nxe4 Bh6 14. Qd1 Bxd2 15. Nfxd2 f5 16. Ng3 Qxd4 17. Rc1 f4 18. Ne2 Qd5 19. Nxf4 g5 20. Nxd5 cxd5
21. hxg5 e5 22. Nf3 d4 23. Nxe5 Ne7 24. Qxd4 O-O 25. f3 Nf5 26. Qd5+ Kg7 27. Qxa8 Ng3+ 28. Kf2 Nxh1+ 29. Rxh1 Re8 30. Qa7+ Nd7
31. Qxd7+ Kf8 32. Qf7#
1-0

[Event "Under 1300 knightworm78 Invitational #8"]
[Site "SchemingMind.com"]
[Date "2020.01.31"]
[Round "-"]
[White "im_cincinnati_kid37"]
[Black "Carl Lenox"]
[Result "0-1"]
[WhiteCountry "USA"]
[BlackCountry "CAN"]
[WhiteElo "1197"]
[WhiteRD "72"]
[BlackElo "1228"]
[BlackRD "65"]
[GameID "450810"]

1. e4 c5 2. Nf3 g6 3. c4 d6 4. Be2 Nc6 5. a3 Nf6 6. Nc3 Bg7 7. O-O O-O 8. d3 e5 9. Nd5 Re8 10. Nxf6+ Bxf6
11. h4 Nd4 12. Nxd4 cxd4 13. h5 b6 14. hxg6 fxg6 15. Bh6 Bg7 16. Bxg7 Kxg7 17. Bg4 Bb7 18. Rc1 h5 19. Bh3 a6 20. Rc2 Qe7
21. Kh2 Rad8 22. f3 Bc6 23. Qd2 Qh4 24. g3 Qe7 25. Rf2 Ba4 26. Rc1 Rf8 27. Rcf1 b5 28. cxb5 Bxb5 29. Kg2 Qa7 30. Rc1 Bc6
31. Be6 Qb7 32. Bc4 d5 33. exd5 Bd7 34. b4 Bc8 35. Re2 Qd7 36. Rxe5 Qh3+ 37. Kf2 Qh2+ 38. Ke1 Qxg3+ 39. Ke2 Qxe5+ 40. Kd1 Bb7
41. Kc2 Rxf3 42. Re1 Qg3 43. Rd1 Rf2 44. a4 Rxd2+ 45. Rxd2 Qe1 46. a5 Rc8 47. Rd1 Qe2+ 48. Rd2 Qf3 49. Kb3 Re8 50. Kc2 Rc8
51. Kb3 Qf7 52. d6 Qd7 53. Re2 Qxd6 54. Re1 Bd5 55. Rc1 Rb8 56. Rc2 Qxb4+ 57. Ka2 Qa4#
0-1

[Event "Under 1300 knightworm78 Invitational #8"]
[Site "SchemingMind.com"]
[Date "2020.02.01"]
[Round "-"]
[White "James Reed"]
[Black "Carl Lenox"]
[Result "0-1"]
[WhiteCountry "ENG"]
[BlackCountry "CAN"]
[WhiteElo "1185"]
[WhiteRD "73"]
[BlackElo "1228"]
[BlackRD "65"]
[GameID "450811"]

1. e4 c5 2. Nc3 d6 3. Nf3 Nc6 4. Bb5 a6 5. Bxc6+ bxc6 6. h3 Nf6 7. d3 g6 8. O-O Bg7 9. Bf4 O-O 10. Re1 Nh5
11. Be3 e5 12. a3 Re8 13. b3 Bb7 14. Ng5 h6 15. Nf3 Bf8 16. Qd2 d5 17. Rab1 d4 18. Bxh6 Nf4 19. Bxf4 exf4 20. Qxf4 Bd6
21. Qg5 dxc3 22. Ne5 Qxg5 23. Nf3 Qe7 24. e5 Bc7 25. Re3 Rad8 26. Rbe1 Qf8
0-1

[Event "Under 1300 knightworm78 Invitational #8"]
[Site "SchemingMind.com"]
[Date "2020.01.31"]
[Round "-"]
[White "Carl Lenox"]
[Black "wight knight"]
[Result "0-1"]
[WhiteCountry "CAN"]
[BlackCountry "ENG"]
[WhiteElo "1228"]
[WhiteRD "65"]
[BlackElo "1316"]
[BlackRD "53"]
[GameID "450812"]

1. e4 e5 2. Nf3 f6 3. a3 Bc5 4. b4 Bb6 5. c4 Nh6 6. c5 Nc6 7. Bb2 a5 8. Bc3 Ba7 9. g3 d6 10. b5 Nd4
11. Nxd4 exd4 12. Bxd4 dxc5 13. Be3 Ng4 14. Qe2 Nxe3 15. Qxe3 Qd4 16. Bg2 Qxe3+ 17. dxe3 c4 18. O-O O-O 19. Nc3 g5 20. a4 b6
21. e5 fxe5 22. Bxa8 Bh3 23. Bg2 Bxg2 24. Kxg2 h5 25. Rad1 Rc8 26. Rd7 Rf8 27. Rxc7 Bb8 28. Rb7 Bd6 29. Rxb6 Bb4 30. Nd5 c3
31. Rg6+ Kh7 32. Rxg5 Kh6 33. Rxe5 c2 34. Re6+ Kg7 35. f4 Bd2 36. Rd1 cxd1=Q
0-1

[Event "Under 1300 knightworm78 Invitational #8"]
[Site "SchemingMind.com"]
[Date "2020.01.30"]
[Round "-"]
[White "Arthur Wilding"]
[Black "im_cincinnati_kid37"]
[Result "1/2-1/2"]
[WhiteCountry "WLS"]
[BlackCountry "USA"]
[WhiteElo "1234"]
[WhiteRD "76"]
[BlackElo "1188"]
[BlackRD "79"]
[GameID "450813"]

1. d4 d5 2. e3 b6 3. Nc3 e6 4. Bb5+ Nd7 5. Nf3 Nf6 6. O-O Bd6 7. a4 a6 8. Bxd7+ Bxd7 9. a5 b5 10. b3 O-O
11. Bb2 Bb4 12. Ne5 Bc8 13. Nc6 Qd6 14. Nxb4 Qxb4 15. Kh1 Qe7 16. Ne2 Bb7 17. Qd2 c6 18. Ba3 Qd7 19. Bxf8 Kxf8 20. Qb4+ Kg8
21. Nf4 Ne4 22. Nd3 h6 23. Nc5 Nxc5 24. Qxc5 Bc8 25. Rfe1 Qc7 26. Qb6 Qxb6 27. axb6 Rb8 28. e4 Rxb6 29. exd5 cxd5 30. Ra2 Kf8
31. c3 Rc6 32. Rc1 Bb7 33. h3 Ke7 34. Rac2 Kd6 35. b4 f5 36. Kh2 g5 37. g3 h5 38. Re1 Bc8 39. f4 g4 40. hxg4 hxg4
41. Kg2 Bd7 42. Rh1 Bc8 43. Rh8 Kd7 44. Rh1 Kd6 45. Rh8=
1/2-1/2